00876nam a2200205 a 450000100100000000500170001000800410002702000150006804000250008308200210010810000330012924501290016225000110029126000550030230000280035770000290038595201190041495201200053399900170065300003545920200930074346.0111101s1999 sp a 000 0 spa d a8478809856 aDO-SdBNPbspacBNPHU axxxbB651l, 19991 aBloch, Arthur,b1948-96131313aLa ley del Murphy del 2000 :b¿Hay algo más que pueda ir mal en el siglo xxi? /cArthur Bloch ; traducción Ana Mendoza. a5a ed. aMadrid, España :bEdiciones Temas de hoy,c1999. a162 p. :bil. ;c21 cm.1 aMendoza, Anaetr.912829 001050718MOaGRbGRcCTd2011-11-01iLF1l0oxxx B651l, 1999p35459-10r2020-06-25w2020-06-25y1ZNo se presta 0010507-18MOaGRbGRcOId2011-11-01iLF1l0oxxx B651l, 1999p35460-10r2020-06-25w2020-06-25y1ZNo se presta c34950d34950